000 00614nam a2200277Ia 4500
005 20260324131716.0
008 008 260324s9999 xx 000 0 eng d
020 _a9781315060286
037 _aEBOOK
040 _aCRL
040 _beng
040 _cCRL
041 _2eng
041 _aeng
084 _qCRL
100 _aW. E. Skillend
_91186525
245 0 _aKodae Sosol
260 _bTaylor and Francis
260 _c2005
365 _a
365 _b300
856 _uhttp://www.taylorfrancis.com/books/9781315060286
942 _cEBOOK
999 _c1783945
_d1783945